Knektar och bönder

Titel: Knektar och bönder : knektersättare vid utskrivningarna i Nedre Satakunda under trettioåriga kriget / Mikko Huhtamies
Verfasser:
Veröffentlicht: Helsingfors : SLiF, 2004
Umfang: 236 S. : Ill., Kt.
Format: Buch
Sprache: Schwedisch
Schriftenreihe/
mehrbändiges Werk:
Skrifter / Svenska Litteratursällskapet i Finland ; 647
RVK-Notation:
Schlagworte:
ISBN: 9515830834
Buchumschlag
X
Lokale Klassifikation: 50 7 G
alg: 12672797
001A    $03004:28-02-05 
001B    $06055:23-02-26 $t17:32:53.000 
001D    $03004:28-02-05 
001U    $0utf8 
001X    $00 
002@    $0Aau 
003@    $012672797X 
003O    $076843419 $aOCoLC 
004A    $0951-583-083-4 
007A    $012672797X $aHEB 
007G    $0DE02064F7F6A02BDF85B7C125800300464BB0 
009P    $qapplication/pdf $A2 $3Inhaltsverzeichnis $uhttp://scans.hebis.de/HEBCGI/show.pl?12672797_toc.pdf $mV:DE-603;B:DE-Mb50 
010@    $aswe 
011@    $a2004 
013D    $RWissenschaftliche Literatur $#Dissertations, Academic $#Thèses et écrits académiques $#Hochschulschrift $D20251120 $Ecgmnf $74113937-9 $8Hochschulschrift [Tsz] $9085338818 
021A    $aKnektar och bönder $dknektersättare vid utskrivningarna i Nedre Satakunda under trettioåriga kriget $hMikko Huhtamies 
028A    $7 $8Huhtamies, Mikko [Tnx] $9171401778 
033A    $pHelsingfors $nSLiF 
034D    $a236 S. 
034M    $aIll., Kt. 
036E    $aSkrifter / Svenska Litteratursällskapet i Finland $l647 
036F    $x3647 $8Skrifter / Svenska Litteratursällskapet i Finland $9009927956 $l647 
044K    $RSoldat $RPrivates Militärunternehmen $#Mercenary troops $#Mercenaires $#Milizie mercenarie $#Mercenari $#Mercenarios $#Söldner $#Söldner $#Solddienst $D20251120 $Ecgmnf $74055364-4 $8Söldner [Ts1] $9085154083 
044K    $#Recruiting and enlistment $#Employees Recruiting $#Recrutement et engagement $#Recrutement $#Reclutamiento y alistamiento $D20251120 $Ecgmnf $74177658-6 $8Rekrutierung [Ts1] $9085839175 
044K    $RFinnland $#Südwestfinnland $D20251120 $Ecgmnf $74237242-2 $8Finnland$zSüdwest [Tg1] $9086242512 
044K    $#Satakunda $D20251120 $Ecgmnf $74118446-4 $8Satakunta [Tg1] $9085368733 
044K    $RKrieg $#Thirty Years' War, 1618-1648 $#Guerre de Trente Ans (1618-1648) $#Guerra dei trent'anni <1618-1648> $#Guerra de los Treinta Años, 1618-1648 $#Dreißigjähriger Krieg $D20251120 $Ecgmnf $74012985-8 $8Dreißigjähriger Krieg [Ts1] $908502841X 
044K    $REinberufung $#Recruiting and enlistment $#Recrutement et engagement $#Reclutamento $#Reclutamiento y alistamiento $#Soldat Aushebung $D20251120 $Ecgmnf $74472345-3 $8Aushebung [Ts1] $9088985547 
044K    $RGesinde $RLandarbeiter $RMagd $D20251120 $Ecgmnf $74164267-3 $8Knecht [Ts1] $9085731749 
044K    $RLandwirtschaftlicher Beruf $RLandwirt $RBäuerin $#Peasants $#Farmers $#Paysannerie $#Agriculteurs $#Contadini $#Campesinado $#peasantry $#Bauer $#Bauern $#Bauernschaft $#Bauernstand $#Bauerntum $#Bauern $D20251120 $Ecgmnf $74004763-5 $8Bauer [Ts1] $9085004618 
044K    $RBevölkerung $RLändlicher Raum $#Rural population $#Population rurale $#Población rural $#rural population $#Landbevölkerung $#Agrarbevölkerung $#Landbevölkerung $#Landbevölkerung $#Dorf Bevölkerung $#Dorfbevölkerung $#Ländliche Bevölkerung $#Ländlicher Raum Bevölkerung $D20251120 $Ecgmnf $74034229-3 $8Landbevölkerung [Ts1] $908509174X 
044K    $#Economic conditions $#Conditions économiques $#Economia $#Wirtschaftslage $#wirtschaftliche Lage $#Wirtschaftslage $#Wirtschaftliche Situation $#Wirtschaftslage $#Wirtschaftssituation $#Wirtschaftliche Verhältnisse $D20251120 $Ecgmnf $74248362-1 $8Wirtschaftliche Lage [Ts1] $9086310615 
045F    $a900.94809032 $eDDC23BSB 
045F/01 $a900 
045F/03 $f09032 
045F/03 $g48 
045Z    $D20251120 $Ecgmnf $8NN 4080 [Tkv] $9410898589 
045Z    $D20251120 $Ecgmnf $8NN 4090 [Tkv] $9410898619 
046M    $aLiteraturverz. S. 205 - 214 

lok: 12672797 24
101B    $028-02-05 $t12:50:02.000 
101C    $028-02-05 
145Z/01 $a50 7 G 
101U    $0utf8 

exp: 12672797 24 1 #EPN
201B/01 $028-02-05 $t12:50:02.000 
201C/01 $028-02-05 
203@/01 $0227661478 
208@/01 $a28-02-05 $bz 
209A/01 $a05.0600 $du $f050 $h05 0600 $x00 
209C/01 $a05.0600 T $h05 0600 T 
209G/01 $a70638894 $x00 
220C/01 $amar 
247C/01 $8358050-7 Marburg, Bibliothek des Herder-Instituts Marburg $9102600961 
201U/01 $0utf8
LEADER 00000cam a2200000 c 4500
001 12672797X
003 DE-603
005 20260223173253.0
007 tu
008 050228s2004 xx |||| m u00||u|swe c
020 |a 9515830834 
035 |a (DE-599)HEB12672797X 
035 |a (OCoLC)76843419 
040 |a DE-603  |b ger  |c DE-603  |d DE-603 
041 |a swe 
082 0 4 |8 1\u  |a 900.94809032  |q DE-101  |2 23/BSB 
084 |a NN 4080  |0 (DE-625)126889:  |0 (DE-603)410898589  |2 rvk 
084 |a NN 4090  |0 (DE-625)126892:  |0 (DE-603)410898619  |2 rvk 
085 |8 1\u  |b 900 
085 |8 1\u  |z 1  |s 09032 
085 |8 1\u  |z 2  |s 48 
100 1 |a Huhtamies, Mikko  |0 (DE-603)171401778 
245 0 0 |a Knektar och bönder  |b knektersättare vid utskrivningarna i Nedre Satakunda under trettioåriga kriget  |c Mikko Huhtamies 
264 1 |a Helsingfors  |b SLiF  |c 2004 
300 |a 236 S.  |b Ill., Kt. 
490 1 |a Skrifter / Svenska Litteratursällskapet i Finland  |v 647 
504 |a Literaturverz. S. 205 - 214 
650 7 |a Söldner  |0 (DE-588)4055364-4  |0 (DE-603)085154083  |2 gnd 
650 7 |a Rekrutierung  |0 (DE-588)4177658-6  |0 (DE-603)085839175  |2 gnd 
650 7 |a Dreißigjähriger Krieg  |0 (DE-588)4012985-8  |0 (DE-603)08502841X  |2 gnd 
650 7 |a Aushebung  |0 (DE-588)4472345-3  |0 (DE-603)088985547  |2 gnd 
650 7 |a Knecht  |0 (DE-588)4164267-3  |0 (DE-603)085731749  |2 gnd 
650 7 |a Bauer  |0 (DE-588)4004763-5  |0 (DE-603)085004618  |2 gnd 
650 7 |a Landbevölkerung  |0 (DE-588)4034229-3  |0 (DE-603)08509174X  |2 gnd 
650 7 |a Wirtschaftliche Lage  |0 (DE-588)4248362-1  |0 (DE-603)086310615  |2 gnd 
651 7 |a Finnland  |0 (DE-588)4237242-2  |0 (DE-603)086242512  |2 gnd 
651 7 |a Satakunta  |0 (DE-588)4118446-4  |0 (DE-603)085368733  |2 gnd 
655 7 |a Hochschulschrift  |2 gnd-content  |0 (DE-588)4113937-9  |0 (DE-603)085338818 
810 2 2 |a Svenska Litteratursällskapet i Finland  |t Skrifter  |v 647  |w (DE-603)009927956  |w (DE-600)441955-8  |9 3647  |7 as 
856 4 2 |m V:DE-603;B:DE-Mb50  |q application/pdf  |u http://scans.hebis.de/HEBCGI/show.pl?12672797_toc.pdf  |3 Inhaltsverzeichnis 
924 0 |9 Mb 50  |a (DE-603)227661478  |b DE-Mb50  |c HES  |d c  |g 05.0600